Жизнь Жана Расина; Исповедь Никола; Стелло, или Синие демоны

Dades bibliogràfiques
Autor principal: Мориак Ф. Франсуа
Altres autors: Мильчина В. А. (автор предисловия)
Idioma:rus
Publicat: Москва, Книга, 1988
Copublished:Ж. де Нерваль. Исповедь Никола; А. де Виньи. Стелло, или Синие демоны
Col·lecció:Писатели о писателях
Matèries:
Format: MixedMaterials Llibre
KOHA link:https://koha.lib.tpu.ru/cgi-bin/koha/opac-detail.pl?biblionumber=128078

MARC

LEADER 00000nam0a2200000 4500
001 128078
005 20231101220108.0
010 |a 521200023В 
020 |a RU  |b 88-14802 
035 |a (RuTPU)RU\TPU\book\138532 
090 |a 128078 
100 |a 20071224d1988 m y0rusy5003 ca 
101 1 |a rus  |c fre 
102 |a RU 
105 |a a z 000ay 
200 1 |a Жизнь Жана Расина  |f Ф. Мориак  |g авт. предисл. В. А. Мильчина 
210 |a Москва  |c Книга  |d 1988 
215 |a 350с.  |c ил.  |d 22 см 
225 1 |a Писатели о писателях 
423 |t Исповедь Никола  |f Ж. де Нерваль 
423 |t Стелло, или Синие демоны  |o Приложение  |f А. де Виньи  |a Виньи, Альфред де 
600 1 |a Расин  |b Ж.  |c французский драматург  |f 1639-1699  |g Жан  |2 stltpush  |3 (RuTPU)RU\TPU\pers\10139  |9 2188 
600 1 |a Ретиф де ла Бретонн  |b Никола Эдм 
610 1 |a французская литература 
610 1 |a романы 
610 1 |a писатели 
675 |a 84  |z rus 
700 1 |a Мориак  |b Ф.  |c французский писатель  |f 1885-1970  |g Франсуа  |2 stltpush  |3 (RuTPU)RU\TPU\pers\6103  |9 1195 
702 1 |a Мильчина  |b В. А.  |4 080 
801 0 |a RU  |b RuMRKP  |c 19950417  |g psbo 
801 1 |a RU  |b 63413507  |c 20071224  |g PSBO 
801 2 |a RU  |b 63413507  |c 20150912  |g PSBO 
942 |c BK